|
|
|
|
| LEADER |
00000nab a2200000 a 4500 |
| 001 |
vtls000826086 |
| 003 |
SK-MaSNL |
| 005 |
20260318124626.0 |
| 008 |
160405c2003 xo 0 hun |
| 015 |
|
|
|a SNBRB2003/02-05890
|
| 035 |
|
|
|a CLN000177741
|
| 040 |
|
|
|a SNKBUCL
|b slo
|c SNKBUCL
|e AACR2
|
| 041 |
0 |
|
|a hun
|
| 044 |
|
|
|a xo
|c SK
|
| 080 |
|
|
|a 323.113(4):340.131:347.176.2
|2 1997
|
| 080 |
|
|
|a 323.113(=945.11)(4):340.131:347.176.2
|2 1997
|
| 080 |
|
|
|a 341.176(4):340.131(4)
|2 1997
|
| 100 |
1 |
|
|a Sólyom, László
|4 aut
|9 241118
|
| 245 |
1 |
0 |
|a Mit mond a Velencei Bizottság?
|b az állásfoglalás azért jelentős, mert elismeri, hogy a természetes asszimiláció fékezése az anyaállam legitim érdeke
|c Sólyom László
|
| 500 |
|
|
|a Autor je členom Benátskej komisie, skrátená verzia
|
| 610 |
|
7 |
|a Rada Európy
|b Európska komisia pre demokraciu
|2 snkbucl
|9 1253700
|
| 650 |
0 |
7 |
|a menšiny národnostné
|x krajiny materské
|x vzťahy
|x legislatíva
|x Benátska komisia
|x štúdie
|2 snkbucl
|9 1253701
|
| 650 |
0 |
7 |
|a Maďari v zahraničí
|x status právny
|z Maďarsko
|x zákony
|2 snkbucl
|9 841844
|
| 655 |
|
7 |
|a články z novín a časopisov
|2 snkbucl
|9 267496
|
| 773 |
0 |
|
|t Új szó
|g Roč. 56, č. 21 (27.1.2003), s. 2
|
| 850 |
|
|
|a Slovenská národná knižnica v Martine
|
| 852 |
|
|
|a SNK
|b KIS3GCP
|
| 958 |
|
|
|a HU
|
| 958 |
|
|
|a RBX
|
| 999 |
|
|
|c 2227506
|d 2229436
|